| 000 | 00351nam a2200133Ia 4500 | ||
|---|---|---|---|
| 005 | 20260328104340.0 | ||
| 008 | 260328s9999||||xx |||||||||||||| ||und|| | ||
| 100 | _aMoholy-Nagy, Sibyl | ||
| 245 | 0 |
_aLa arquitecura de Paul Rudolph / _cSibyl Moholy-Nagy |
|
| 260 | _bGustavo Gili | ||
| 300 | _a237 p. | ||
| 650 | _aEDIFICACIONES ESCOLARES | ||
| 942 | _cBK | ||
| 999 |
_c12070 _d12070 |
||